| 000 | 01191 am a2200373 a 4500 | ||
|---|---|---|---|
| 001 | vtls000940289 | ||
| 003 | NLI | ||
| 005 | 20210627091236.0 | ||
| 008 | 111025s2011 ii d e 001 0 eng d | ||
| 020 |
_a9788120342347 (pbk.) _cRs. 350.00 |
||
| 039 | 9 |
_y201110251845 _zprasenjits |
|
| 040 |
_aNLI _beng |
||
| 041 | 0 | _aeng | |
| 044 | _aii | ||
| 082 | 0 | 4 |
_a511.35 _222 |
| 100 | 1 |
_aRamaiah K., Dasaradh _9884998 |
|
| 245 | 1 | 0 |
_aIntroduction to automata and compiler design / _cDasaradh Ramaiah K. |
| 260 |
_aNew Delhi : _bPHI Learning, _c2011 |
||
| 300 |
_axv, 379 p. ; _c24 cm. |
||
| 500 | _aIncludes index | ||
| 504 | _aBibliography : 371-375 | ||
| 650 | 0 |
_aMachine theory _9691265 |
|
| 650 | 0 |
_aCompilers (Computer programs) _9676282 |
|
| 650 | 0 |
_aCompiling (Electronic computers) _9884999 |
|
| 650 | 0 |
_aAlgorithms _9783689 |
|
| 887 | _aprasenjit | ||
| 901 |
_aDB124368 : _b1.6.11 |
||
| 902 | _aE 511.35 R 141 | ||
| 904 | _aprasenjit | ||
| 949 |
_AVIRTUAITEM _D10000 _X100 _6DBA000124368ENG |
||
| 942 |
_2ddc _cBKS |
||
| 999 |
_aVIRTUA _c763575 _d763575 |
||
| 999 | _aVTLSSORT0080*0200*0400*0410*0440*0820*1000*2450*2600*3000*5000*5040*6500*6501*6502*6503*8520*9010*9020*9040*9992 | ||